000 00992nam a22002177a 4500
003 OSt
005 20230831183825.0
008 230831b ||||| |||| 00| 0 spa d
020 _a9789582601409
040 _cCO-MqBPB
082 _a986.103
_bM24
100 _aMejía Villa, Pedro María,
245 _aHechos y personajes de la independencia de Colombia /
_cPedro María Mejía Villa
260 _aBogotá:
_bUniversidad Central,
_c2010
300 _a127 p. : il.;
_bTapa Rústica,
_c22 cm
500 _aConsecuente con la preservación del patrimonio cultural, que constituye uno de los propósitos fundamentales de su misión formativa integral, la Universidad Central ha estimulado la reflexión en torno al proceso independentista, en el que se maduró un proyecto de nación particular basado en los ideales de la Ilustración.
650 _aHistoria
_xColombia
650 _aHistoria
_xpersonajes siglo XVIII
650 _aColombia
_xindependencia 1810-1819
942 _2ddc
_cBK
999 _c15002
_d15002